000 00358 a2200169 4500
001 188671
020 _a85-7302-512-3
040 _cMagnum
100 _aPérissé, Heloísa
240 1 0 _aO diário de Tati
_lpor
245 1 0 _aO diário de Tati
300 _a126
362 0 _a2003
440 1 _aObjetiva
697 _aLITERATURA JUVENIL
942 _cBK
999 _c188671
_d188671